000
00304nam a22001337a 4500
008
180316b xxu||||| |||| 00| 0 eng d
020
_a
9780072918496
041
_a
eng
080
_a
336.101.262
100
_a
58
101
_a
led
245
_a
leadership communication
_c
barrett.d.j
942
_2
udc
_c
BK
999
_c
45226
_d
45226